Guía metodológica para el análisis de riesgo de extinción de especies en Colombia / (Registro nro. 7337)

Detalles MARC
000 -CABECERA
Campo de control 01665nam a22003257a 4500
005 - FECHA Y HORA DE LA ULTIMA TRANSACCION
Campo de control 20200104041616.0
008 - ELEMENTOS DE LONGITUD FIJA—INFORMACION GENERAL
Campo de control 130704b2011 ck |||||r|||| 00| 0 spa d
020 ## - ISBN
ISBN 9789588343570
040 ## - FUENTE DE CATALOGACIÓN
Agencia catalogadora original CO-BoIAVH
Agencia transcriptora CO-BoIAVH
041 0# - IDIOMA
Código de idioma para texto/pista de sonido o título separado Español
044 ## - PAÍS DE PUBLICACIÓN
País de publicación Colombia
082 04 - NUMERO DE CLASIFICACION DECIMAL DEWEY
Número de clasificación 591.529
Número del ítem C718g
110 1# - ASIENTO PRINCIPAL--NOMBRE CORPORATIVO
Nombre corporativo o de jurisdicción como elemento de entrada Colombia
Unidad subordinad , Ministerio de Ambiente, Vivienda y Desarrollo Territorial
-- Instituto Humboldt
-- Pontificia Universidad Javeriana
9 (RLIN) 56975
245 10 - MENCION DE TITULO
Título Guía metodológica para el análisis de riesgo de extinción de especies en Colombia /
Mención de responsabilidad Juan David Amaya Espinel, María Fernanda Gómez, Angela María Villareal, Jorge Velásquez-Tibatá y Luis Miguel Renjifo.
260 ## - PUBLICACION, DISTRIBUCION, ETC. (PIE DE IMPRENTA)
Lugar de publicación, distribución, etc. Bogotá (Colombia) :
Nombre del editor, distribuidor, etc. Instituto de Investigación de Recursos Biológicos Alexander von Humboldt,
Fecha de publicación, distribución, etc. 2011.
300 ## - DESCRIPCION FISICA
Extensión 83 páginas :
Otros detalles físicos ilustraciones y gráficas ;
Dimensiones 21 cm.
504 ## - NOTA DE BIBLIOGRAFIA, ETC.
Nota de bibliografía Incluye referencias bibliográficas
505 0# - NOTA DE CONTENIDO
Nota de contenido El objetivo de este documento es estandariza los conceptos y la terminología empleada en las metodologías de a UICN con el fin de fortalecer la aplicación de estas metodologías, tomando como ejemplo los procesos adelantados en peces y aves
650 #4 - ASIENTO SECUNDARIO DE MATERIA - TERMINO TEMATICO
Término temático o nombre geográfico como elemento de entrada Biodiversidad
Subdivisión general Especies
9 (RLIN) 56976
650 #4 - ASIENTO SECUNDARIO DE MATERIA - TERMINO TEMATICO
Término temático o nombre geográfico como elemento de entrada Especies en peligro de extinción
9 (RLIN) 255
650 #6 - ASIENTO SECUNDARIO DE MATERIA - TERMINO TEMATICO
Término temático o nombre geográfico como elemento de entrada Biodiversidad
Subdivisión general Evaluación de riesgos
9 (RLIN) 56978
650 #6 - ASIENTO SECUNDARIO DE MATERIA - TERMINO TEMATICO
Término temático o nombre geográfico como elemento de entrada Diversidad biológica
Subdivisión general conservación
9 (RLIN) 56979
651 #6 - ASIENTO SECUNDARIO DE MATERIA - NOMBRE GEOGRAFICO
Nombre geográfico Colombia
9 (RLIN) 56980
700 1# - ASIENTO SECUNDARIO - NOMBRE PERSONAL
Nombre personal Amaya Espinel, Juan David
9 (RLIN) 258
700 1# - ASIENTO SECUNDARIO - NOMBRE PERSONAL
Nombre personal Gómez, María Fernanda
9 (RLIN) 259
700 1# - ASIENTO SECUNDARIO - NOMBRE PERSONAL
Nombre personal Villareal, Angela María
9 (RLIN) 260
700 1# - ASIENTO SECUNDARIO - NOMBRE PERSONAL
Nombre personal Renjifo, Luis Miguel
9 (RLIN) 92541
700 1# - ASIENTO SECUNDARIO - NOMBRE PERSONAL
Nombre personal Velásquez-Tibatá, Jorge Iván
9 (RLIN) 261
942 ## - ELEMENTOS ADICIONALES (KOHA)
Sistema de clasificación Dewey Decimal Classification
Tipo de ítem Libro
Existencias
Withdrawn status Lost status Sistema de Clasificación Damaged status No para préstamo Colección Ubicación Permanente Ubicación actual Fecha de adquisición Total Checkouts Número topográfico Inventario / Código de Barras Date last seen Ejemplar Price effective from Tipo de material Date checked out Inventariado Fuente de Valor Valor Forma de adquisición
    Dewey Decimal Classification     Humboldt Bogotá Bogotá 04/07/2013   IAVH 591.529 C718g 028578 04/07/2013 Ej. 1 04/07/2013 Libro          
    Dewey Decimal Classification     Humboldt Bogotá Bogotá 04/07/2013 1 IAVH 591.529 C718g 028579 28/05/2015 Ej. 2 04/07/2013 Libro 28/05/2015        
    Dewey Decimal Classification     Humboldt Sala Fabio Quevedo Sala Fabio Quevedo 29/09/2015   IAVH-591.529 C718g 028576 29/09/2015 Ej .3 29/09/2015 Libro   Inventariado 2017 Instituto 39000.00 Institucional